000 00787nam a2200205Ia 4500
003 GCL
008 140319s9999 xx 000 0 ara d
020 _a3584501977
040 _aGCL /
_cGCL
082 0 4 _aق
_b331.880962
_bس ت
100 1 _aسمير فريد
245 1 0 _aتاريخ نقابات الفنانين فى مصر ( 1987 - 1997 ) :
_bدراسة عن اضراب الفنانين ضد القانون 103 /
_cسمير فريد
260 _aالقاهرة :
_bالهيئة المصرية العامة للكتاب ،
_c1999
300 _a251 ص ؛
_c22 سم
490 _aتاريخ المصريين
_v130
650 0 4 _aالنقابات المهنية - مصر
650 0 4 _aنقابة الفنانين
650 0 4 _aالنقابات والفنون
942 _2ddc
_cBK
999 _c58153
_d58153